New History of World Art (Record no. 3459)

MARC details
000 -CABECERA
campo de control de longitud fija 00801nam a2200253 a 4500
001 - NÚMERO DE CONTROL
campo de control BRCA_3730
005 - FECHA Y HORA DE LA ÚLTIMA TRANSACCIÓN
campo de control 20190320204412.0
008 - DATOS DE LONGITUD FIJA--INFORMACIÓN GENERAL
campo de control de longitud fija 140909s1994----ja-a---###---#000-0#jpn-#
020 ## - NÚMERO INTERNACIONAL ESTÁNDAR DEL LIBRO
Número Internacional Estándar del Libro 4096010162 (vol. 16)
041 ## - CÓDIGO DE LENGUA
Código de lengua del texto/banda sonora o título independiente jpn
044 ## - CÓDIGO DEL PAÍS DE LA ENTIDAD EDITORA/PRODUCTORA
Código MARC del país ja
050 #4 - SIGNATURA TOPOGRÁFICA DE LA BIBLIOTECA DEL CONGRESO
Número de clasificación NX70
Número de documento/Ítem .N49 1994
245 10 - MENCIÓN DE TÍTULO
Título New History of World Art
Resto del título barroco 1
Mención de responsabilidad, etc. editores Kanki Keizo y Wakakuwa Midori.
260 ## - PUBLICACIÓN, DISTRIBUCIÓN, ETC.
Lugar de publicación, distribución, etc. Tokio, Japón
Nombre del editor, distribuidor, etc. Shogakukan
Fecha de publicación, distribución, etc. 1994
300 ## - DESCRIPCIÓN FÍSICA
Extensión 490 p.
Otras características físicas il. (algunas a color)
Dimensiones 37 cm.
Material acompañante/anejo 1 folleto
500 ## - NOTA GENERAL
Nota general Incluye índice temático: p. 483-489
500 ## - NOTA GENERAL
Nota general Incluye piezas de la colección Franz Mayer: p. 359
504 ## - NOTA DE BIBLIOGRAFÍA, ETC.
Nota de bibliografía, etc. Bibliografía: 478-482
546 ## - NOTA DE LENGUA/LENGUAJE
Nota de lengua/lenguaje Texto en: japonés
650 14 - PUNTO DE ACCESO ADICIONAL DE MATERIA--TÉRMINO DE MATERIA
Término de materia o nombre geográfico como elemento de entrada Arte
Subdivisión general Historia
9 (RLIN) 9705
700 1# - PUNTO DE ACCESO ADICIONAL--NOMBRE DE PERSONA
Nombre de persona Keizo, Kanki
9 (RLIN) 9706
700 1# - PUNTO DE ACCESO ADICIONAL--NOMBRE DE PERSONA
Nombre de persona Midori, Wakakuwa
9 (RLIN) 9707
942 ## - ELEMENTOS DE PUNTO DE ACCESO ADICIONAL (KOHA)
Fuente del sistema de clasificación o colocación Library of Congress Classification
Tipo de ítem Koha Libros
Holdings
Estado de retiro Estado de pérdida Estado dañado No para préstamo Localización permanente Ubicación/localización actual Fecha de adquisición Total de préstamos Signatura topográfica completa Código de barras Fecha visto por última vez Precio válido a partir de Tipo de ítem Koha
El ejemplar forma parte de la colección y puede ser consultado según las políticas vigentes.       Biblioteca del Museo Franz Mayer (Rogerio Casas-Alatriste) Biblioteca del Museo Franz Mayer (Rogerio Casas-Alatriste) 14/09/2009   NX70 .N49 1994 00922 22/03/2019 22/03/2019 Libros